|
|
|
|
| LEADER |
00000naa2a2200000 4500 |
| 001 |
213496 |
| 005 |
20231031193127.0 |
| 035 |
|
|
|a (RuTPU)RU\TPU\book\233292
|
| 090 |
|
|
|a 213496
|
| 100 |
|
|
|a 20120411d2004 k y0rusy50 ca
|
| 101 |
0 |
|
|a rus
|
| 102 |
|
|
|a RU
|
| 200 |
1 |
|
|a Определение платины, золота и палладия в медных и никелевых шламах методом инверсионной вольтамперометрии
|f Л. Г. Гольц, Э. В. Горчаков, З. С. Михайлова
|g науч. рук. А. Я. Пшеничкин
|
| 463 |
|
0 |
|0 (RuTPU)RU\TPU\book\77451
|y 5-89503-079-3
|t Проблемы геологии и освоения недр
|o труды Восьмого Международного симпозиума имени ак. М. А. Усова студентов и молодых ученых, посвященного 400-летию г. Томска, 5-9 апреля 2004 г., Томск
|f Администрация г. Томска; Томский политехнический университет
|v С. 855-857
|d 2004
|p 913 с.
|
| 610 |
1 |
|
|a платина
|
| 610 |
1 |
|
|a золото
|
| 610 |
1 |
|
|a определение
|
| 610 |
1 |
|
|a методы определения
|
| 610 |
1 |
|
|a инверсионная вольтамперометрия
|
| 610 |
1 |
|
|a труды учёных ТПУ
|
| 700 |
|
1 |
|a Гольц
|b Л. Г.
|
| 701 |
|
1 |
|a Горчаков
|b Э. В.
|c российский геолог
|c научный сотрудник Томского политехнического университета
|f 1977-
|g Эдуард Владимирович
|2 stltpush
|3 (RuTPU)RU\TPU\pers\26198
|
| 701 |
|
1 |
|a Михайлова
|b З. С.
|c российский геолог
|c инженер Томского политехнического университета
|g Зинаида Сергеевна
|2 stltpush
|3 (RuTPU)RU\TPU\pers\26199
|
| 702 |
|
1 |
|a Пшеничкин
|b А. Я.
|4 727
|
| 801 |
|
1 |
|a RU
|b 63413507
|c 20120411
|
| 942 |
|
|
|c BK
|